00501nam a2200145Ia 4500008004100000041000800041082001200049100001900061245004500080260003500125300003300160365001100193999001700204952013400221240624s9999 xx 000 0 und d aeng a823 GEL aGELB MICHAEL J aTHINK LIKE DA VINCI 7 EASY STEPS TO BOOS c2009aNew DelhibHarperCollins axviii, : 318 : p. : cm. ; 20 cRSb25 c18730d18730 00104070aIMTNbIMTNcRack 40-Bd2012-05-02eIBHg350.00l3o823 GELp18730r2025-10-15 00:00:00s2025-10-08t1w2024-06-24yBK